000 00504nam a2200193Ia 4500
005 20250326141411.0
008 250326s9999 xx 000 0 und d
037 _aTextbook
040 _aFMSL
_beng
_cFMSL
041 _aeng
_2eng
084 _aX:8k
_qFMSL
100 _aBlocker J G
245 0 _aCost Accounting
_cBlocker J G; Weltmer W R
250 _a3rd
260 _aNew York
_bNew York, Mc Graw Hill co.
_c1954
300 _a639p
942 _cTB
_hX:8k
999 _c1290125
_d1290125